| 000 | 00981nam a2200205Ia 4500 | ||
|---|---|---|---|
| 008 | 0000001996 usa 0000000000eng00 | ||
| 090 | _aPUS00 A77a1 | ||
| 110 | 1 | _aThe Art Museum at Florida International University. Miami | |
| 245 | 1 | 0 |
_aAmerican art today _b: images from abroad _c/ The Art Museum at Florida International University ; essay by Phyllis Tuchman ; curated by Dahlia Morgan |
| 300 |
_a28 p. _c/ 31 cm. |
||
| 500 | _aExposición realizada en el Art Museum at Florida International University, Miami, en FebreroMarzo, 1996 \ Con el patronazgo del maestro venezolano Jesús Rafael Soto (q.e.p.d.) \ Registro auspiciado por el IDCT. Bogotá | ||
| 505 | _aPendiente | ||
| 650 | 1 | 4 | _a PINTURA ESTADOUNIDENSE |
| 650 | 1 | 4 | _aARTE CONTEMPORANEO ESTADOUNIDENSE |
| 650 | 1 | 4 | _xCATALOGOS |
| 650 | 1 | 4 | _xEXPOSICIONES |
| 650 | 1 | 4 | _aPINTURA DE PAISAJES ESTADOUNIDENSE |
| 700 | 1 | _aTuchman, Phyllis \ Morgan, Dahlia | |
| 999 |
_c4312 _d4312 |
||
| 260 |
_aMiami : The Art Museum _c1996 |
||